Statistics for Countries next door to Countries Bordering Countries neighboring Russia

Click here to take the quiz!

General Stats

  • This quiz has been taken 35 times
    (20 since last reset)
  • The average score is 13 of 17

Answer Stats

Country% Correct
Thailand
90%
France
90%
Cambodia
85%
Switzerland
80%
Netherlands
80%
Iraq
80%
Austria
80%
Belgium
80%
Luxembourg
75%
Serbia
75%
Denmark
70%
Croatia
70%
Bulgaria
70%
Syria
70%
Greece
70%
Bangladesh
55%
Slovenia
50%

Score Distribution

Percentile by Number Answered

Percent of People with Each Score

Your Score History

You have not taken this quiz since the last reset